| 000 -LEADER |
| fixed length control field |
00299nam a22001097a 4500 |
| 082 ## - DEWEY DECIMAL CLASSIFICATION NUMBER |
| Classification number |
L1x54113 1974-75 |
| 100 ## - MAIN ENTRY--PERSONAL NAME |
| Personal name |
Lyngdoh, Brington Buhai |
| 9 (RLIN) |
1130 |
| 245 ## - TITLE STATEMENT |
| Title |
Budget speech 1974-75 |
| Statement of responsibility, etc |
by Brington Buhai Lyngdoh |
| 260 ## - PUBLICATION, DISTRIBUTION, ETC. (IMPRINT) |
| Place of publication, distribution, etc |
Meghalaya |
| Name of publisher, distributor, etc |
Government of Meghalaya |
| Date of publication, distribution, etc |
1975 |
| 300 ## - PHYSICAL DESCRIPTION |
| Extent |
v.p. |
| 942 ## - ADDED ENTRY ELEMENTS (KOHA) |
| Source of classification or shelving scheme |
|